000 00539nam a2200181Ia 4500
008 240729s9999 xx 000 0 und d
022 _a1664-2392
245 0 _aFrontiers in Endocrinology
260 _aSwitzerland
260 _bFrontiers Media S.A.
650 _a Diseases of the endocrine glands. Clinical endocrinology
650 _a Internal medicine
650 _a Specialties of internal medicine
650 _aMedicine
856 _uhttps://doaj.org/toc/e895c21ef1574cb0804c9b77c715141c
942 _2ddc
942 _cDOAJEJ
999 _c67382
_d67382
945 _a1
_bMadushi Gamage
_c1
_dMadushi Gamage